| 000 | 00745nam a2200193 4500 | ||
|---|---|---|---|
| 999 |
_c17066 _d17066 |
||
| 008 | 220602b ||||| |||| 00| 0 eng d | ||
| 022 | _a0732-8435 | ||
| 082 | _aDPer 657.05 C33 Sept - Dec 2012, v. 82 n. 9 - 12 | ||
| 100 |
_aDerstine, Robert P. _945359 |
||
| 245 |
_aA case-based approach to intermediate accounting courses: _cRobert P. Derstine and three others. _bnew hires ready to hit the ground running/ |
||
| 260 |
_aNew York: _bThe New York State Society of CPA, _c©2012. |
||
| 300 |
_av82 n10, pages 12-13; _c28 cm. |
||
| 500 | _aThe CPA Journal. | ||
| 650 |
_aAccounting. _945360 |
||
| 700 |
_aEmig, J.M. _eAuthor. _945361 |
||
| 700 |
_aGrant, T.J. _eAuthor. _945362 |
||
| 700 |
_aHiltebeitel, K. _eAuthor. _945363 |
||
| 942 |
_2ddc _cPER |
||